000
00311nam a2200121Ia 4500
008
190722s9999 xx 000 0 und d
020
_a
978-81-309-3089-3
100
_a
Elaine Biech
245
4
_a
The Asted Leadership handbook
260
_a
New Delhi
_b
Viva Books Pvt limited
_c
2015
300
_a
488
942
_c
BK
999
_c
132
_d
132